| 000 | 01405cam a22002891i 4500 | ||
|---|---|---|---|
| 003 | SA-RiAUC | ||
| 005 | 20241212082620.0 | ||
| 008 | 241211s1999 ts g f00000 ara c | ||
| 040 |
_aSA-JeALM _bara _cSA-RiAUC _erda |
||
| 082 | 0 | 4 |
_a257.2 _qSA-RiAUC |
| 090 |
_a257.2 _bا ب ن ا |
||
| 100 | 1 |
_aابن أبي عرفة، أحمد بن محمد بن أحمد العزفي ، _d557-633 هجري _eمؤلف. |
|
| 245 | 1 | 0 |
_aحقيقة الدينار والدرهم والصاع والمد / _bاثبات ما ليس منه بد لمن اراد الوقوف على _cأبو العباس أحمد العزفي السبتي ؛ تخريج ودراسة محمد الشريف. |
| 264 | 1 |
_aأبو ظبي : _bالمجمع الثقافي، _c1999 |
|
| 300 |
_a171 صفحة ؛ _c23 سم. |
||
| 336 |
_aنص _btxt _2rdacontent _3كتاب |
||
| 337 |
_aبدون وسيط _bn _2rdamedia |
||
| 338 |
_aمجلد _bnc _2rdacarrier |
||
| 490 | 1 |
_aالسلسلة الأندلسية / المجمع الثقافي (أبو ظبي) ؛ _v6 |
|
| 650 | 7 |
_aالنظام المالي في الإسلام _2aucsh |
|
| 650 | 7 |
_aالموازين والمقاييس (فقه إسلامي) _2aucsh |
|
| 650 | 7 |
_aالنقود (فقه إسلامي) _2aucsh |
|
| 700 | 1 |
_aالشريف، محمد _eمخرج أحاديث. |
|
| 830 | 2 |
_aالسلسلة الأندلسية _v6 |
|
| 942 |
_2ddc _cBOOK _n0 |
||
| 949 |
_aSA-JeALM _d241211 _uosman123 _n1 |
||
| 999 |
_c3408 _d3408 |
||